| 000 | 00708cab a2200205 4500 | ||
|---|---|---|---|
| 001 | ABS42205 | ||
| 008 | 090401t1990 xxu||||| |||| 00| 0 eng d | ||
| 035 | _a(Sirsi) u35311 | ||
| 041 | _aeng | ||
| 245 | _aGerman cities | ||
| 260 | _c1990 | ||
| 350 | _a0 | ||
| 490 |
_aWorld Property _vFebruary 1990, 22-35(9) |
||
| 520 | _aSeries of articles on the property market and economy of Dusseldorf , Munich and Hamburg . In particular the property investment market is examined and illustrated with tables on levels of investment and a listing of the major institutions active in the market. | ||
| 650 | _aGERMANY | ||
| 650 | _aOFFICES | ||
| 690 | _aOVERSEAS-EUROPE | ||
| 942 | _n0 | ||
| 948 | _c04/03/1997 | ||
| 999 |
_c23136 _d23136 |
||